000 00340nam a2200145Ia 4500
008 220216s9999 xx 000 0 und d
245 0 _aForeign exchange clones : Sixth report
260 _bPlanters Bulletin
_c1971
300 _a33-51
650 _aGirth
650 _aTapping
650 _aWind damage
650 _aYield
942 _cJS
999 _c59528
_d59528